000246786 001__ 246786
000246786 005__ 20220819173030.0
000246786 022__ $$a1720-514X
000246786 022__ $$a1974-4897
000246786 0247_ $$2ZDBID$$aPERI:(DE-600)2497848-6
000246786 0247_ $$2ZDBPPN$$aZDPPN:99453714X
000246786 0247_ $$2OCLC$$aOCLC:645030444
000246786 035__ $$aPERI:(DE-600)2497848-6
000246786 040__ $$a0012$$bger$$cDE-101$$dJOIN²$$eJOIN² journal identification
000246786 041__ $$ager
000246786 044__ $$cXA-IT
000246786 082__ $$222sdnb$$a830$$qDE-600
000246786 08274 $$222sdnb$$a830$$qDE-600
000246786 084__ $$2ssgn$$a7,20
000246786 084__ $$2fid$$aGER$$qDE-30
000246786 24220 $$2DE-600$$aCultura tedesca$$brivista semestrale = Deutsche Kultur
000246786 245__ $$2DE-600$$aCultura tedesca$$brivista semestrale = Deutsche Kultur$$hprint, online
000246786 2463_ $$2DE-600$$aCultura tedesca
000246786 2463_ $$aCultura tedesca
000246786 260__ $$aRoma$$bCarocci$$c2007-2008
000246786 26421 $$aRoma$$bDonzelli$$canfangs
000246786 26431 $$aRoma$$bCarocci$$c2007-2008
000246786 380__ $$2marcgt$$ajournal
000246786 500__ $$aAutomatically generated record. (Updated: 08/2022)
000246786 77608 $$2DE-600$$dNapoli : Univ. degli Studi Suor Orsola Benincasa, 1994-$$iDruckausg.$$tCultura tedesca$$w(DE-600)1288065-6$$x1720-514X
000246786 8564_ $$uhttp://digital.casalini.it/19744897$$yAgentur; 32.2007 - 34.2008 = Deutschlandweit zugänglich
000246786 8564_ $$uhttp://ezb.uni-regensburg.de/2497848$$yEZB
000246786 909CO $$ooai:juser.fz-juelich.de:909241$$pauthority$$pauthority:PERI
000246786 909CO $$ooai:juser.fz-juelich.de:909241
000246786 915__ $$0StatID:(DE-HGF)0420$$2StatID$$aNationallizenz
000246786 980__ $$aPERI
000246786 980__ $$aAUTHORITY